000 00189 a2200097 4500
020 _a9780142417348
041 _aeng
100 _aezra jak Keats
245 _aOver in the Meadow
942 _cK
999 _c30801
_d30799